Профилактика ВИЧ-СПИДа и другой гематогенно-передающейся вирусной инфекции в хирургических стационарах (Запись № 1754415)

Подробности
000 -МАРКЕР
контрольное поле 02081nam0a2200349 4500
001 - ИДЕНТИФИКАТОР ЗАПИСИ
контрольное поле RU\NLR\bibl\1799853
005 - ИДЕНТИФИКАТОР ВЕРСИИ
контрольное поле 20260406043213.0
035 ## - ДРУГИЕ СИСТЕМНЫЕ НОМЕРА
Идентификатор записи (NLR Aleph) 001790524
100 ## - ДАННЫЕ ОБЩЕЙ ОБРАБОТКИ
Данные общей обработки 20110818d2010 |||y0rusy50 ca
101 0# - ЯЗЫК РЕСУРСА
Язык текста, звукозаписи и т.д. русский
102 ## - СТРАНА ПУБЛИКАЦИИ ИЛИ ПРОИЗВОДСТВА
Страна публикации Российская Федерация
105 ## - ПОЛЕ КОДИРОВАННЫХ ДАННЫХ: ТЕКСТОВЫЕ МАТЕРИАЛЫ, МОНОГРАФИЧЕСКИЕ
Кодированные данные о монографическом текстовом документе y |||||||||
200 1# - ЗАГЛАВИЕ И СВЕДЕНИЯ ОБ ОТВЕТСТВЕННОСТИ
Основное заглавие Профилактика ВИЧ-СПИДа и другой гематогенно-передающейся вирусной инфекции в хирургических стационарах
Сведения, относящиеся к заглавию учебное пособие
Первые сведения об ответственности В.П. Акимов, А.Е. Борисов, С.Ш. Алиджанова
210 ## - ПУБЛИКАЦИЯ, РАСПРОСТРАНЕНИЕ И ДР.
Место издания, распространения и т.д. Санкт-Петербург
Имя издателя, распространителя и т. д. Изд-во СПбМАПО
Дата издания, распространения и т.д. 2010
215 ## - ФИЗИЧЕСКАЯ ХАРАКТЕРИСТИКА
Специфическое обозначение материала и объем 23, [2] c.
Размеры 21
225 1# - СЕРИЯ
Основное заглавие серии Последипломное медицинское образование
300 ## - ОБЩИЕ ПРИМЕЧАНИЯ
Текст примечания На обороте тит. л. авт.: Акимов В.П. - д.м.н., проф., Борисов А.Е. - д.м.н., проф.
320 ## - ПРИМЕЧАНИЯ О НАЛИЧИИ В ДОКУМЕНТЕ БИБЛИОГРАФИИ / УКАЗАТЕЛЯ
Текст примечания Библиогр. в конце кн.
606 1# - НАИМЕНОВАНИЕ ТЕМЫ КАК ПРЕДМЕТ
Наименование темы Внутрибольничные инфекции
Формальный подзаголовок Учебные издания для последипломного образования
Тематический подзаголовок Профилактика в хирургии
Системный номер авторитетной/нормативной записи 1178202
Идентификатор авторитетной/нормативной записи RU\NLR\auth\66156064
606 1# - НАИМЕНОВАНИЕ ТЕМЫ КАК ПРЕДМЕТ
Наименование темы ВИЧ-инфекция
Формальный подзаголовок Учебные издания для последипломного образования
Тематический подзаголовок Профилактика при хирургических операциях
Системный номер авторитетной/нормативной записи 2089466
Идентификатор авторитетной/нормативной записи RU\NLR\auth\661568409
686 ## - ИНДЕКСЫ ДРУГИХ КЛАССИФИКАЦИЙ
Индекс Р190.159я77
686 ## - ИНДЕКСЫ ДРУГИХ КЛАССИФИКАЦИЙ
Индекс Р194.87я77
700 #1 - ИМЯ ЛИЦА - ПЕРВИЧНАЯ ОТВЕТСТВЕННОСТЬ
Начальный элемент ввода Акимов
Часть имени, кроме начального элемента ввода В. П.
Расширение инициалов личного имени Владимир Павлович
Код отношения Автор
701 #1 - ИМЯ ЛИЦА - АЛЬТЕРНАТИВНАЯ ОТВЕТСТВЕННОСТЬ
Код отношения Автор
Графика поля Кириллица
Материалы, к которым относится поле rus
Начальный элемент ввода Борисов
Часть имени, кроме начального элемента ввода А. Е.
Дополнения к именам, кроме дат д-р мед. наук
Даты 1948-2012
Расширение инициалов личного имени Александр Евгеньевич
Системный номер авторитетной/нормативной записи 113301
Идентификатор авторитетной/нормативной записи RU\NLR\AUTH\773297
701 #1 - ИМЯ ЛИЦА - АЛЬТЕРНАТИВНАЯ ОТВЕТСТВЕННОСТЬ
Код отношения Автор
Графика поля Кириллица
Материалы, к которым относится поле rus
Начальный элемент ввода Алиджанова
Часть имени, кроме начального элемента ввода С. Ш.
Расширение инициалов личного имени Севиль Шабановна
Системный номер авторитетной/нормативной записи 90306
Идентификатор авторитетной/нормативной записи RU\NLR\auth\77107381
801 #0 - ИСТОЧНИК ЗАПИСИ
Страна Российская Федерация
Организация NLR
Дата составления 20110818
Правила каталогизации RCR
801 #1 - ИСТОЧНИК ЗАПИСИ
Страна Российская Федерация
Организация NLR
Дата составления 20110818
942 ## - ДОПОЛНИТЕЛЬНЫЕ ЭЛЕМЕНТЫ ЗАПИСИ (АБИС)
Тип экземпляра АБИС Книга
980 ## - КОЛЛЕКЦИЯ
Название коллекции Национальная библиография
Экземпляры
Тип экземпляра Дата поступления Источник поступления Библиотека постоянного хранения Библиотека текущего хранения Место хранения Шифр хранения Штрих-код Статус экземпляра
Книга 18.08.2011 Контрольный экземпляр из типографии РНБ (Московский) РНБ (Московский) Русский книжный фонд: издания с 1957 года 2011-4/7040 3472301